Statistiques concernant Les Enfoirés 2014

Cliquez ici pour prendre le quiz!

Statistiques générales

  • Ce quiz a été pris 826 fois
  • Le résultat moyen est 17 sur 39

Statistiques - réponses

Réponse% Correct
Jean-Jacques Goldman
77%
Zaz
72%
Patrick Bruel
69%
Zazie
66%
Lorie
63%
Mimie Mathy
60%
Pascal Obispo
56%
Patrick Fiori
54%
Kad Merad
52%
Amel Bent
50%
Shy'm
50%
Christophe Maé
48%
M. Pokora
48%
Tal
48%
Bénabar
47%
Michèle Laroque
47%
Dany Boon
42%
Grégoire
42%
Maxime Le Forestier
42%
Nolwenn Leroy
42%
Claire Keim
39%
Jean-Louis Aubert
38%
Liane Foly
38%
Christophe Willem
37%
Hélène Ségara
36%
Jean-Baptiste Maunier
36%
Michael Youn
36%
Marc Lavoine
35%
MC Solaar
35%
Chimène Badi
33%
Lââm
30%
Didier Deschamps
27%
Emmanuel Moire
27%
Michael Jones
27%
Thomas Dutronc
27%
Julien Clerc
26%
Nicolas Canteloup
26%
Tina Arena
25%
Natasha St-Pier
20%

Distribution des résultats

Percentile par nombre de réponses

% des personnes avec chaque résultat

Votre développement - résultats

Vous n’avez pas pris ce quiz